000 00292 a2200145 4500
001 176757
020 _a
040 _cMagnum
100 _aDorin, Lannoy
240 1 0 _aA procura do sol
_lpor
245 1 0 _aA procura do sol
362 0 _a1899
697 _aMAGNITO: J/DROGAS
942 _cBK
999 _c176757
_d176757